00470nam a2200169 a 45000010010000000030011000100080041000210200022000620350026000841000020001102450038001302600048001683000017002165000017002336500020002508560030002700001-1231ELIB.Books150529 2010 eng  a13: 9780521820099 a(ELIB.Books)0001-1386 aArnold, Bill T. aA Guide to Biblical Hebrew Syntax aCambridgebCambridge University Pressc2006 a228c21.5 Cm aC/o Moe Lwei aHebrew Language nKBTS: LibraryuKBTS: Elib